Feeding aureomycin to poultry /

Bibliographic Details
Main Author: Brackett, Sterling, 1911-
Corporate Author: American Cyanamid Company. Agricultural Chemicals Division
Format: Book
Language:English
Published: New York : American Cyanamid Co., Agricultural Division, [1960]
Edition:Rev. ed.
Series:Cyanamid technical bulletin, no. 16, revised
Subjects:

MARC

Tag First Indicator Second Indicator Subfields
LEADER 00000cam a2200000 4500
001 in00000021569
005 20151007063639.0
008 800703s1960 nyua 00010 eng d
035 |a (OCoLC)06483309 
035 |9 AAD7901AM 
040 |a TXA  |c TXA  |d UtOrBLW 
049 |a TXAM  |c [466413] 
090 |a SF98.A2  |b B7 1960 
092 |a 636.5085  |b B797f, 1960 
100 1 |a Brackett, Sterling,  |d 1911- 
245 1 0 |a Feeding aureomycin to poultry /  |c by Sterling Brackett, Irving Delappe and Helen Maddock. 
250 |a Rev. ed. 
264 1 |a New York :  |b American Cyanamid Co., Agricultural Division,  |c [1960] 
300 |a 128 pages :  |b diagrams 
336 |a text  |b txt  |2 rdacontent 
337 |a unmediated  |b n  |2 rdamedia 
338 |a volume  |b nc  |2 rdacarrier 
490 0 |a Cyanamid technical bulletin, no. 16, revised 
650 0 |a Poultry  |x Feeding and feeds. 
650 0 |a Aureomycin. 
650 0 |a Feed additives. 
710 2 |a American Cyanamid Company.  |b Agricultural Chemicals Division. 
999 |a MARS 
999 f f |s b63348c7-7404-3023-9f57-0aae7012cdbb  |i 90acd3fe-113d-313c-98b8-481d8fa50028  |t 0 
952 f f |p ric  |a Texas A&M University  |b Rellis Campus  |c Joint Library Facility  |d Remote Storage  |t 0  |e SF98.A2 B7 1960  |h Library of Congress classification  |i unmediated -- volume  |m A14801092756 
998 f f |a SF98.A2 B7 1960  |t 0  |l Remote Storage